ბათუმის შოთა რუსთაველის სახელმწიფო უნივერსიტეტის ბიბლიოთეკა

ზოგადი ასტროფიზიკის კურსი (ასტროფიზიკური დაკვირვება–გამოკვლევების მეთოდები და ხელსაწყოები) / (ბიბ.ჩანაწერი № 38438)

000 -ლიდერი
ფიქსირებული სიგრძის საკონტროლო ველი 01049nam a2200229Ia 4500
001 - საკონტროლო ნომერი
საკონტროლო ველი 4449
003 - საკონტროლო ნომრის იდენტიფიკატორი
საკონტროლო ველი GE_BSU
005 - ბოლო ოპერაციის თარიღი და დრო
საკონტროლო ველი 20190517211012.0
008 - ფიქსირებული სიგრძის მონაცემთა ელემენტები - ზოგადი ინფორმაცია
ფიქსირებული სიგრძის საკონტროლო ველი 181216s1960||||ge |||||||||||||| ||geo||
040 ## - კატალოგიზაციის წყარო
Transcribing agency GE_BSU
041 ## - ენის კოდი
Language code of text/sound track or separate title geo
080 ## - უნივერსალური ათობითი კლასიფიკაციის ინდექსი
Universal Decimal Classification number 52(075.8) geo
100 ## - მთავარი ჩანაწერი - პიროვნების სახელი
Personal name ხარაძე, ე.
9 (RLIN) 1367
245 ## - ცნობა სათაურის შესახებ
Title ზოგადი ასტროფიზიკის კურსი (ასტროფიზიკური დაკვირვება–გამოკვლევების მეთოდები და ხელსაწყოები) /
245 ## - ცნობა სათაურის შესახებ
Statement of responsibility, etc რედ. მ. კოლხიდაშვილი.
264 ## - წარმოების, გამოცემის, დისტრიბუციის და სხვა ცნობები
გამოცემის, წარმოების, დისტრიბუციის... ადგილი თბილისი :..
გამოცემის, წარმოების, დისტრიბუციის... სახელწოდება თბილ. სახ. უნ–ტის გამ–ბა,
გამოცემის, წარმოების, დისტრიბუციის... თარიღი 1960.
300 ## - ფიზიკური აღწერა
Extent 483 გვ :.
Dimensions 23 სმ..
653 ## - INDEX TERM--UNCONTROLLED
Uncontrolled term ზოგადი ასტროფიზიკის კურსი.
653 ## - INDEX TERM--UNCONTROLLED
Uncontrolled term ასტროფიზიკა
700 ## - ADDED ENTRY--PERSONAL NAME
Personal name კოლხიდაშვილი, მ
Relator term რედაქტორი
9 (RLIN) 1368
942 ## - ADDED ENTRY ELEMENTS (KOHA)
Koha item type წიგნი
Source of classification or shelving scheme
ეგზემპლარები
ჩამოწერის სტატუსი დაკარგული ეგზემპლარის სტატუსი კლასიფიკაციის წყარო ან თაროზე გაწყობის სქემა დაზიანების სტატუსი არ გაიცემა მუდმივი მდებარეობა (დაცვის ადგილი) ამჟამინდელი ადგილსამყოფელი თაროზე განთავსების ადგილი შეძენის თარიღი სრული შენახვის შიფრი შტრიხკოდი ბოლო ოპერაციის თარიღი ეგზემპლარის მიმდევრობითი ნომერი (კეტერი?) ფასის ძალაში შესვლის თარიღი ეგზემპლარის სახეობა საჯარო შენიშვნა
          ტექნოლოგიური ფაკულტეტის ბიბლიოთეკა ტექნოლოგიური ფაკულტეტის ბიბლიოთეკა წიგნსაცავი 2018-12-17 52(075.8) ხ–25 8750 2018-12-17 8750 2018-12-17 წიგნი 2 ლ.16 თ.